000 00486nam a2200169Ia 4500
008 220216s9999 xx 000 0 und d
100 _aHiziroglu S
245 0 _aSurface roughness evaluation of medium density fibreboard manufactured in Malaysia
260 _bJournal of Tropical Forest Products
_c1999
300 _a93-97
500 _aSource Year: 2000
650 _aMedium density fibreboard
650 _aRubberwood
700 _aBaba Ishak
856 _uIRRDB
942 _cJS
999 _c70006
_d70006